| Tag |
First Indicator |
Second Indicator |
Subfields |
| LEADER |
00000cas a2200000 a 4500 |
| 001 |
in00001820021 |
| 005 |
20151026060440.0 |
| 008 |
860912c19849999ne fx p 0 0eng d |
| 010 |
|
|
|a sn 90021177
|
| 012 |
|
|
|i 9010
|
| 022 |
|
|
|a 0920-2285
|
| 035 |
|
|
|a (OCoLC)ocm14209252
|
| 037 |
|
|
|b The Editors, Plankton Newsletter, P.O. Box 16915, 1001 RK, Amsterdam, The Netherlands
|
| 040 |
|
|
|a SMI
|c SMI
|d GUA
|d NST
|d OCLCQ
|d TXA
|d UtOrBLW
|
| 042 |
|
|
|a lcd
|
| 049 |
|
|
|a TXAM
|
| 090 |
|
|
|a QH91.8.P5
|b P72
|
| 245 |
0 |
0 |
|a Plankton newsletter /
|c S.B.N.O.
|
| 264 |
|
1 |
|a Amsterdam, The Netherlands :
|b S.B.N.O., Organisation for the Advancement of Oceanography in the Netherlands,
|c 1984-
|
| 300 |
|
|
|a volumes ;
|c 21 cm.
|
| 310 |
|
|
|a 2 no. a year,
|b 1985-
|
| 321 |
|
|
|a Annual,
|b 1984
|
| 336 |
|
|
|a text
|b txt
|2 rdacontent
|
| 337 |
|
|
|a unmediated
|b n
|2 rdamedia
|
| 338 |
|
|
|a volume
|b nc
|2 rdacarrier
|
| 362 |
0 |
|
|a Vol. 1 (Sept. 1984)-
|
| 500 |
|
|
|a "Journal on marine plankton."
|
| 500 |
|
|
|a Latest issue consulted: Volume 10 (July 1989).
|
| 650 |
|
0 |
|a Plankton
|v Periodicals.
|
| 710 |
2 |
|
|a Organisation for the Advancement of Oceanography in the Netherlands.
|
| 850 |
|
|
|a CU-SW
|a GU
|
| 994 |
|
|
|a E0
|b TXA
|
| 999 |
|
|
|a MARS
|
| 999 |
f |
f |
|s 4d37efa4-56bc-3b1b-857f-113da7ca5e2f
|i 22643642-6326-3d32-8617-0717f9d65b3d
|t 0
|
| 952 |
f |
f |
|p ric
|a Texas A&M University
|b Rellis Campus
|c Joint Library Facility
|d Remote Storage
|t 0
|e QH91.8.P5 P72
|h Library of Congress classification
|i unmediated -- volume
|k v.3-11
|l 1985-1989
|m A14832172034
|
| 952 |
f |
f |
|p ric
|a Texas A&M University
|b Rellis Campus
|c Joint Library Facility
|d Remote Storage
|t 0
|e QH91.8.P5 P72
|h Library of Congress classification
|i unmediated -- volume
|k v.13-20
|l 1990-1994
|m A14832171999
|
| 998 |
f |
f |
|a QH91.8.P5 P72
|s v.13-20 (1990-1994)
|t 0
|l Remote Storage
|